00501nam a2200193 a 4500001001300000003000900013005001700022008004100039020001100080082001600091100001800107245005300125260004300178300000800221500003500229505001000264650001500274700001800289nice12345678IN_TiNIC20260116011306.0050524s1902 luda grp 000 0 eng  ac0.0600a297.86bGRI aGriswold, H D aMirza Ghulam Ahmadb the Mehdi Messiah of Qadian aLudhianabAmerican Tract Societyc1902 a32p aincludes index and biblioraphy2 aindex aAhmadiyyah1 aGriswold, H D